Les plus grands pays commençant par la lettre I - Statistiques

Statistiques générales
  • Ce quiz a été pris 44 fois
  • Le résultat moyen est 4 sur 5
Statistiques - réponses
Superficie (km²) Position dans le monde
en termes de superficie
Pays % Correct
3 287 263 7 Inde
92%
1 910 931 15 Indonésie
92%
302 073 72 Italie
87%
1 628 750 18 Iran
82%
435 052 59 Irak
76%
Aucun quiz correspondant
Distribution des résultats
% des personnes avec chaque résultat
Percentile par nombre de réponses
Votre historique - résultats
Vous n’avez pas pris ce quiz